00000000nam 2200000zi 4500
0019.867853
003CaOODSP
00520241203113645
006m     o  d f      
007cr |||||||||||
008190131s1975    bcc    |o    f|0| 0 eng d
040 |aCaOODSP|beng|erda|cCaOODSP
043 |an-cn-bc
0861 |aEn40-229/75-3E-PDF
1001 |aSidhu, S. T., |eauthor.
24512|aA preliminary study on wastewater characteristics of Kamloops stormwater discharge / |cby S.T. Sidhu.
264 1|aVancouver, B.C. : |bEnvironmental Protection Service, Pacific Region, |c1975.
300 |a1 online resource (iii, 44 pages, 2 unnumbered pages)
336 |atext|btxt|2rdacontent
337 |acomputer|bc|2rdamedia
338 |aonline resource|bcr|2rdacarrier
4901 |aManuscript report ; |vEPS 75-3
500 |aDigitized edition from print [produced by Environment and Climate Change Canada].
500 |a"October 1975."
504 |aIncludes references.
5203 |a"Prior to this study only limited information was available regarding the concentrations of heavy metals, chemical pollutants and piscian toxicity of Kamloops stormwater"--Abstract.
69207|2gccst|aWater quality
69207|2gccst|aWaste water
7101 |aCanada. |bEnvironment Canada.
7101 |aCanada. |bEnvironmental Protection Service. |bPacific Region.
830#0|aRegional manuscript report (Canada. Environmental Protection Service)|vEPS 75-3|w(CaOODSP)9.867528
85640|qPDF|s1.05 MB|uhttps://publications.gc.ca/collections/collection_2019/eccc/En40-229-75-3-eng.pdf